000 00915cam a2200229 4500
008 000000n1999 000 0 eng u
020 _a1900858401
035 _a(Sirsi) u103365
050 _a690.24
110 _aBuilding Maintenance Information
_93229
245 _aHealth care building occupancy cost benchmarking : a case study of Pembrokeshire and Derwen National Health Service Trust.
260 _aLondon
_bBMI
_c1999
300 _a47p. ; 30cm.
490 _aSerial
_v284
520 _aAn update of Special report 268. This item is part of a subscription service and cannot be photocopied. Neither can any part of it be read out over the phone. Please contact BMI direct on 0171-222-7000 for details.
650 _aBENCHMARKING
650 _aHOSPITAL BUILDINGS
650 _aNHS TRUSTS
650 _aOCCUPANCY COSTS
690 _aBUILDING AND CONSTRUCTION-REPAIRS AND MAINTENANCE
942 _n0
999 _c100119
_d100119